<?xml version="1.0" encoding="utf-8"?>
<?xml-stylesheet type='text/xsl' href='./oai2.xsl'?>
<OAI-PMH xmlns="http://www.openarchives.org/OAI/2.0/" xmlns:xsi="http://www.w3.org/2001/XMLSchema-instance" xsi:schemaLocation="http://www.openarchives.org/OAI/2.0/ http://www.openarchives.org/OAI/2.0/OAI-PMH.xsd">
  <responseDate>2026-06-07T10:39:38Z</responseDate>
  <request verb="GetRecord" metadataPrefix="marcxml" identifier="record_kuniweb_1382079">https://kulturerbe.niedersachsen.de/oai</request>
  <GetRecord>
    <record>
      <header>
        <identifier>record_kuniweb_1382079</identifier>
        <datestamp>2024-02-22T10:22:04Z</datestamp>
        <setSpec>slg0242</setSpec>
      </header>
      <metadata>
        <marc:record xmlns:marc="http://www.loc.gov/MARC21/slim" xsi:schemaLocation="http://www.loc.gov/MARC21/slim http://www.loc.gov/standards/marcxml/schema/MARC21slim.xsd">
          <marc:leader>12345nrm  22     uu 4500</marc:leader>
          <marc:controlfield tag="001">1382079</marc:controlfield>
          <marc:controlfield tag="003">http://kuniweb.gbv.de</marc:controlfield>
          <marc:controlfield tag="005">2020-12-14T11:44:10</marc:controlfield>
          <marc:controlfield tag="008">|           ||||||||||||||||||||||</marc:controlfield>
          <marc:datafield tag="245" ind1="1" ind2="0">
            <marc:subfield code="a">Rassel</marc:subfield>
          </marc:datafield>
          <marc:datafield tag="655" ind1=" " ind2="7">
            <marc:subfield code="a">Archäologie</marc:subfield>
          </marc:datafield>
          <marc:datafield tag="046" ind1=" " ind2=" ">
            <marc:subfield code="k">1300</marc:subfield>
            <marc:subfield code="k">ca. 14./15. Jahrhundert</marc:subfield>
            <marc:subfield code="l">1500</marc:subfield>
          </marc:datafield>
          <marc:datafield tag="260" ind1=" " ind2=" ">
            <marc:subfield code="g">1300</marc:subfield>
            <marc:subfield code="g">1500</marc:subfield>
            <marc:subfield code="g">ca. 14./15. Jahrhundert</marc:subfield>
          </marc:datafield>
          <marc:datafield tag="300" ind1=" " ind2=" ">
            <marc:subfield code="a">Höhe: 4,4 cm
Durchmesser: 2,1 cm (Mündung)
Durchmesser: 3,8 cm (größe Weite)</marc:subfield>
          </marc:datafield>
          <marc:datafield tag="520" ind1=" " ind2=" ">
            <marc:subfield code="a">1982 wurden bei Notuntersuchungen im Zuge des Rathaus-Neubaus in der Gifhorner Innenstadt zahlreiche archäologische Funde des Mittelalters und der Neuzeit geborgen, darunter auch das hier vorgestellte Miniaturgefäß. 

Tonrasseln beziehungsweise Tropffläschchen gehören zu den selten auftretenden Fundobjekten. Aus der Gifhorner Rathausgrabung liegen gleich zwei Exemplare vor. Im Inneren der kleinen Tonflasche findet sich eine Tonkugel, mit der sich der Ausfluss des Inhalts dosieren oder auch ein Ton erzeugen ließ. Rasseln waren ganz unterschiedlich geformt. Es gab sie in Tierform bis hin zu rundlichen Formen mit Stiel. (Eichfeld u. Baier 11/2020)

Ausgrabungs- / Untersuchungsdatum: 1982

Beschrieben in:
A. Wallbrecht, „Die Stadt Gifhorn : ein Beitrag zur Ersterwähnung der Stadt Gifhorn vor 800 Jahren. Archäologische Fundstellen im Landkreis Gifhorn ; 2“. Landkreis Gifhorn [u.a.], Gifhorn, 1997.

Literatur in Zusammenhang:
„Die Keramik vom 13. bis zum Anfang des 16. Jahrhunderts in Berlin/Brandenburg ; aus der Sammlung des Märkischen Museums. Mittelalterliche Keramik in Berlin-Brandenburg“. Märkisches Museum, Berlin, 1994. (S. 52)</marc:subfield>
          </marc:datafield>
          <marc:datafield tag="773" ind1="0" ind2=" ">
            <marc:subfield code="t">Archäologische Sammlung</marc:subfield>
          </marc:datafield>
          <marc:datafield tag="852" ind1=" " ind2=" ">
            <marc:subfield code="a">Historisches Museum Schloss Gifhorn</marc:subfield>
          </marc:datafield>
          <marc:datafield tag="852" ind1=" " ind2=" ">
            <marc:subfield code="a">Gifhorn (Niedersachsen)</marc:subfield>
          </marc:datafield>
          <marc:datafield tag="" ind1=" " ind2=" ">
            <marc:subfield code="a">Namensnennung - Weitergabe unter gleichen Bedingungen 4.0 International (CC BY-SA 4.0)</marc:subfield>
          </marc:datafield>
        </marc:record>
      </metadata>
    </record>
  </GetRecord>
</OAI-PMH>
